000
00329nam a2200133Ia 4500
008
150201s2009 xx 000 0 und d
082
_a
610
_b
A09K
100
_a
KHANNA, MUDIT
245
_a
ALL INDIA POSTGRADUATE MET. EE VOL.2
260
_b
IAMS
_a
INDIA
_c
2009
300
_a
1-1012
650
_a
GENERAL MEDICINE
942
_2
ddc
_c
BK
999
_c
1838
_d
1838